UM Logo

The Mayo Clinic : (Record no. 23643)

MARC details
000 -LEADER
fixed length control field 00662nam a22001337a 4500
005 - DATE AND TIME OF LATEST TRANSACTION
control field 20250815164705.0
008 - FIXED-LENGTH DATA ELEMENTS--GENERAL INFORMATION
fixed length control field 250815b |||||||| |||| 00| 0 eng d
082 ## - DEWEY DECIMAL CLASSIFICATION NUMBER
Classification number AV-DVD 362.12 M45 2018
245 ## - TITLE STATEMENT
Title The Mayo Clinic :
Remainder of title faith, hope, science/
Statement of responsibility, etc. produced by Julie Coffman ; directed by Ken Burns, Erik Ewers and Christopher Loren Ewers.
300 ## - PHYSICAL DESCRIPTION
Extent 1 videodisc, 115 minutes:
Other physical details sound, color;
Dimensions 4 3/4 in.
Accompanying material videodisc
520 ## - SUMMARY, ETC.
Summary, etc. Discover the story of the renowned institution that has been called a 'Medical Mecca', the 'Supreme Court of Medicine', and the 'place for hope when there is no hope.
700 ## - ADDED ENTRY--PERSONAL NAME
Personal name Burns, Ken
Relator term director.
9 (RLIN) 66910
942 ## - ADDED ENTRY ELEMENTS (KOHA)
Source of classification or shelving scheme Dewey Decimal Classification
Koha item type Digital Video Disc
Holdings
Withdrawn status Lost status Source of classification or shelving scheme Damaged status Not for loan Collection code Home library Current library Date acquired Total Checkouts Full call number Date last seen Price effective from Koha item type
    Dewey Decimal Classification     AV-DVD UM Digos College - LIC UM Digos College - LIC 08/15/2025   AV-DVD 362.12 M45 2018 08/15/2025 08/15/2025 Digital Video Disc